[Event "FRA-ch U16"]
[Site "Calvi"]
[Date "2005.04.19"]
[Round "4"]
[White "Blake, Cyprien"]
[Black "Heinz, Timothee"]
[Result "0-1"]
[WhiteElo "2060"]
[BlackElo "2231"]
[PlyCount "142"]
[EventDate "2005.04.??"]
[EventType "swiss"]
[EventRounds "9"]
[EventCountry "FRA"]
[SourceTitle "EXT 2006"]
[Source "ChessBase"]
[SourceDate "2005.11.24"]
[SourceVersion "1"]
[SourceVersionDate "2005.11.24"]
[SourceQuality "1"]

1. e4 c5 2. Nf3 d6 3. d4 Nf6 4. Nc3 cxd4 5. Nxd4 a6 6. Bg5 e6 7. f4 Qb6 8. Nb3 Nbd7 9. Qf3 Be7 10. 0-0-0 Qc7 11. g4 b5 12. Bxf6 Nxf6 13. g5 Nd7 14. h4 b4 15. Ne2 Bb7 16. Nbd4 Rc8 17. Rd2 Nc5 18. Ng3 Qa5 19. Bc4 Nxe4 20. Nxe4 Rxc4 21. Nxd6+ Bxd6 22. Qxb7 Qxa2 23. Nb3 0-0 24. Rxd6 Qxb3 25. Rh2 Qe3+ 26. Rhd2 Qxf4 27. Qe7 Rcc8 28. R6d4 Qf1+ 29. Rd1 Qf2 30. R1d2 Qe1+ 31. Rd1 Qe2 32. R1d2 Qe1+ 33. Rd1 Qe3+ 34. Kb1 b3 35. cxb3 Qf2 36. Qa3 Qf5+ 37. Ka2 Qc5 38. Rc4 Qxa3+ 39. bxa3 Rxc4 40. bxc4 f5 41. gxf6 gxf6 42. c5 Rc8 43. Rd6 Kf7 44. Rxa6 Rxc5 45. a4 f5 46. a5 f4 47. Ra7+ Kg6 48. a6 f3 49. Ra8 f2 50. Rf8 Ra5+ 51. Kb2 Rxa6 52. Rxf2 Rc6 53. Rf4 e5 54. Rg4+ Kf5 55. Rg7 h6 56. h5 e4 57. Rf7+ Kg4 58. Re7 Kf3 59. Rf7+ Ke2 60. Rg7 Rc5 61. Re7 e3 62. Re6 Rxh5 63. Kc3 Rh3 64. Rd6 Ke1 65. Kc2 e2 66. Rf6 Rh5 67. Rf8 Rc5+ 68. Kb2 Kd2 69. Rd8+ Ke3 70. Re8+ Kd3 71. Re7 h5 0-1

[Event "FRA-chT U20 0203"]
[Site "Clichy"]
[Date "2003.01.03"]
[Round "4.4"]
[White "Ip, Nicolas"]
[Black "Blake, Cyprien"]
[Result "1/2-1/2"]
[WhiteElo "1790"]
[BlackElo "1840"]
[PlyCount "118"]
[EventDate "2002.12.??"]
[EventType "team-tourn"]
[EventRounds "11"]
[EventCountry "FRA"]
[SourceTitle "EXT 2004"]
[Source "ChessBase"]
[SourceDate "2003.11.25"]
[SourceVersion "1"]
[SourceVersionDate "2003.11.25"]
[SourceQuality "1"]
[WhiteTeam "Paris NAO"]
[BlackTeam "Pau"]
[WhiteTeamCountry "FRA"]
[BlackTeamCountry "FRA"]

1. e4 c5 2. Nc3 Nc6 3. g3 g6 4. Bg2 Bg7 5. d3 e6 6. Be3 d6 7. Qd2 a6 8. f4 Nge7 9. Nge2 Qc7 10. 0-0 0-0 11. d4 cxd4 12. Nxd4 Na5 13. Nce2 Bd7 14. Nb3 Nc4 15. Qd3 Nxb2 16. Qd2 Nc4 17. Qd3 Nxe3 18. Qxe3 Bxa1 19. Rxa1 Qxc2 20. Ned4 Qc7 21. Rc1 Qb6 22. f5 f6 23. fxe6 Bxe6 24. Rc3 Bf7 25. Kh1 Rac8 26. Nf5 Qxe3 27. Nxe7+ Kh8 28. Rxe3 Bxb3 29. Rxb3 Rc1+ 30. Bf1 Rxf1+ 31. Kg2 Re1 32. Kf3 f5 33. e5 dxe5 34. Rxb7 Re4 35. Nc6 Rc8 36. Rb6 Ra4 37. Nxe5 Ra3+ 38. Kg2 Rxa2+ 39. Kh3 Rcc2 40. Kh4 h6 41. Nxg6+ Kg7 42. h3 a5 43. Nf4 Rc3 44. Rg6+ Kf7 45. Rxh6 a4 46. Rh7+ Ke8 47. Nd5 Rc4+ 48. Kg5 Rg2 49. Kf6 Rc6+ 50. Kxf5 Rxg3 51. h4 a3 52. Ra7 Rh3 53. Nf6+ Kd8 54. Ne4 Rb3 55. Kg5 Re6 56. Kf5 Rh6 57. Kg5 Rc6 58. h5 Rb5+ 59. Kf4 Rxh5 1/2-1/2

[Event "FRA-chT U20 0203"]
[Site "Clichy"]
[Date "2002.12.01"]
[Round "2.4"]
[White "Selcer, Ethan"]
[Black "Blake, Cyprien"]
[Result "1-0"]
[WhiteElo "1650"]
[BlackElo "1840"]
[PlyCount "103"]
[EventDate "2002.12.??"]
[EventType "team-tourn"]
[EventRounds "11"]
[EventCountry "FRA"]
[SourceTitle "EXT 2004"]
[Source "ChessBase"]
[SourceDate "2003.11.25"]
[SourceVersion "1"]
[SourceVersionDate "2003.11.25"]
[SourceQuality "1"]
[WhiteTeam "Montpellier"]
[BlackTeam "Pau"]
[WhiteTeamCountry "FRA"]
[BlackTeamCountry "FRA"]

1. e4 c5 2. Nf3 Nc6 3. Bb5 g6 4. c3 d5 5. Qa4 e6 6. exd5 Qxd5 7. Bxc6+ bxc6 8. d4 Bd7 9. 0-0 cxd4 10. Qxd4 Qxd4 11. Nxd4 Bg7 12. Be3 Nf6 13. Nb3 0-0 14. Bc5 Rfe8 15. N1d2 Bf8 16. Bxf8 Kxf8 17. Rad1 Ke7 18. Nc4 Rec8 19. Nc5 Rab8 20. Rd2 Rb5 21. Nxd7 Nxd7 22. Nd6 Rcb8 23. Nxb5 cxb5 24. Rfd1 Nb6 25. Kf1 Rc8 26. Rd4 a5 27. Rd6 Rb8 28. Rc6 Nd5 29. b3 Rb6 30. Rxb6 Nxb6 31. Ke2 Nd5 32. Kd2 Kd6 33. c4 bxc4 34. bxc4 Nb6 35. Kc3+ Kc5 36. Rd8 e5 37. Re8 f6 38. Re7 h5 39. Ra7 a4 40. Ra5+ Kc6 41. Kb4 e4 42. Ra6 Kb7 43. Ra5 Kc6 44. Rc5+ Kb7 45. Kb5 g5 46. Rc6 Nd7 47. Rd6 Kc7 48. Rc6+ Kb7 49. Re6 f5 50. c5 Kc8 51. c6 Nb8 52. Kb6 1-0